|
|
|
|
| LEADER |
00000nam0a2200000 4500 |
| 001 |
303357 |
| 005 |
20231102001608.0 |
| 035 |
|
|
|a (RuTPU)RU\TPU\book\328579
|
| 090 |
|
|
|a 303357
|
| 100 |
|
|
|a 20150902d1973 k y0rusy50 ca
|
| 101 |
0 |
|
|a rus
|
| 102 |
|
|
|a RU
|
| 105 |
|
|
|a a z 001zy
|
| 200 |
1 |
|
|a Виброударные системы. Динамика и устойчивость
|f А. Е. Кобринский, А. А. Кобринский
|
| 210 |
|
|
|a Москва
|c Наука
|d 1973
|
| 215 |
|
|
|a 591 с.
|c ил.
|
| 320 |
|
|
|a Библиогр.: с. 566-591 (463 назв.).
|
| 606 |
1 |
|
|a Виброударные машины
|2 stltpush
|3 (RuTPU)RU\TPU\subj\2482
|9 31051
|
| 610 |
1 |
|
|a виброударные системы
|
| 610 |
1 |
|
|a динамические модели
|
| 610 |
1 |
|
|a одномассовые системы
|
| 610 |
1 |
|
|a симметричные системы
|
| 610 |
1 |
|
|a двухмассовые системы
|
| 610 |
1 |
|
|a цепочки
|
| 610 |
1 |
|
|a динамика
|
| 610 |
1 |
|
|a устойчивость
|
| 675 |
|
|
|a 62-868
|v 4
|
| 700 |
|
1 |
|a Кобринский
|b А. Е.
|g Арон Ефимович
|
| 701 |
|
1 |
|a Кобринский
|b А. А.
|g Анатолий Аронович
|
| 801 |
|
1 |
|a RU
|b 63413507
|c 20150902
|
| 801 |
|
2 |
|a RU
|b 63413507
|c 20210218
|g RCR
|
| 942 |
|
|
|c BK
|